000 00768nam a2200217Ii 4500
003 JO-AjNU
008 230605s9999||||xx |||||||||||||| ||und||
017 _a2006/4/913
040 _aJO-AjNU
_bara
_erda
_cJO-AjNU
041 _aara
050 1 4 _aPJ6101.A874 2006
100 3 _aتاليف العايدي، محمد صبحي,
_eauthor
_922592
245 0 0 _aتهذيب فن المنطق: شرح متن إيساغوجي للعلامة اثير الدين المفضل بن عمر الابهري
250 _aط1
264 3 1 _aعمان: الشارح،2006
300 _a105ص
336 _atext
_btxt
_2rdacontent
337 _aunmediated
_bn
_2rdamedia
338 _avolume
_bnc
_2rdacarrier
650 4 _aالفلسفة-الطريقة الإستنتاجية
_922593
999 _aA8044
_c11612
_d11612